| 000 | 00923cam a22002294a 4500 | ||
|---|---|---|---|
| 005 | 20250605164248.0 | ||
| 008 | 250528s ||||||||||||||||||||||||d | ||
| 035 | _a21629 | ||
| 020 | _a9780761947929 | ||
| 040 |
_aGR-AtMCL _bgre _dGR-AtMCL _eAACR2 |
||
| 245 | 1 | _aTHE PRINCIPLES AND PRACTICE OF EDUCATIONAL MANAGEMENT | |
| 250 | _a1 | ||
| 260 |
_bSage Publications, _c2008 |
||
| 300 | _a332 | ||
| 505 | 0 | _aTHE CONTEXT OF EDUCATIONAL MANAGEMENT LEADERSHIP AND STRATEGIC MANAGEMENT HUMAN RESOURCE MANAGEMENT MANAGING LEARNING AND TEACHING MANAGING FINANCE AND RESOURCES MANAGING EXTERNAL RELATIONS | |
| 520 | _aTHE CONTEXT OF EDUCATIONAL MANAGEMENT LEADERSHIP AND STRATEGIC MANAGEMENT HUMAN RESOURCE MANAGEMENT MANAGING LEARNING AND TEACHING MANAGING FINANCE AND RESOURCES MANAGING EXTERNAL RELATIONS | ||
| 700 | 1 |
_aBell Les _97579 |
|
| 700 | 1 |
_aBush Tony _93651 |
|
| 942 | _cBK | ||
| 999 |
_c6690 _d6690 |
||